LEADER 04855nam 22009495 450 001 9910785507003321 005 20230207214559.0 010 $a0-231-52843-4 024 7 $a10.7312/casp10852 035 $a(CKB)2670000000242592 035 $a(EBL)949017 035 $a(OCoLC)818858128 035 $a(SSID)ssj0000144354 035 $a(PQKBManifestationID)11911955 035 $a(PQKBTitleCode)TC0000144354 035 $a(PQKBWorkID)10147328 035 $a(PQKB)11520872 035 $a(DE-B1597)458722 035 $a(OCoLC)51542789 035 $a(OCoLC)979742373 035 $a(DE-B1597)9780231528436 035 $a(MiAaPQ)EBC949017 035 $a(EXLCZ)992670000000242592 100 $a20190708d2002 fg 101 0 $aeng 135 $aur|n|---||||| 181 $ctxt 182 $cc 183 $acr 200 10$aEducational Supervision in Social Work $eA Task-Centered Model for Field Instruction and Staff Development /$fWilliam Reid, Jonathan Caspi 210 1$aNew York, NY : $cColumbia University Press, $d[2002] 210 4$dİ2002 215 $a1 online resource (351 p.) 300 $aDescription based upon print version of record. 311 $a0-231-10853-2 327 $tFrontmatter -- $tContents -- $tPreface -- $t1. A New Model of Educational Supervision -- $t2. A History of Educational Supervision in Social Work -- $t3. Principles of Effective Instruction -- $t4. The Supervisory Relationship -- $t5. The Person of the Supervisor -- $t6. Preparing for Supervision Beginnings and Endings -- $t7. The Development and Basic Principles of TCS -- $t8. The Social and Direct Teaching Functions of TCS -- $t9. Target Goals -- $t10. Tasks, Obstacles, and Contracting -- $t11. Task Review -- $t12. Applications of TCS -- $tAppendix: TCS Guidelines -- $tReferences -- $tName Index -- $tSubject Index 330 $aThis book provides a comprehensive examination of instructional supervision and introduces the Task-Centered Model for Educational Supervision (TCS). It begins by reviewing the history of educational supervision in social work and principles of effective teaching practices in the field. While theories about the principles and purposes of educational supervision abound, it has proven difficult to translate these ideas into a coherent model of supervisory practice. Educational Supervision in Social Work answers that need, presenting in detail TCS, an ordered series of discrete activities that supervisors and supervisees follow during and between supervision meetings. Designed to promote the continuous attainment of learning and practice objectives, TCS accommodates new models of field instruction, addresses common accountability concerns in social work supervision, and teaches practitioners how to be self-initiating and evaluative. Focusing on the practical implementation of TCS, Caspi and Reed have included detailed case vignettes throughout the book that provide concrete examples of putting theory into practice. Both supervisors of interns and staff as well as supervisees will find TCS a helpful tool in the supervisory process. 606 $aFieldwork 606 $aIn-service training 606 $aSocial service 606 $aSocial service -- Fieldwork 606 $aSocial work education 606 $aSocial work education 606 $aSocial workers 606 $aSocial workers -- In-service training 606 $aSocial workers -- Supervision of 606 $aSupervision of 606 $aSocial work education$xFieldwork 606 $aSocial service$xIn-service training 606 $aSocial workers$xSupervision of 606 $aSocial workers 606 $aSocial Welfare & Social Work$2HILCC 606 $aSocial Sciences$2HILCC 606 $aSocial Welfare & Social Work - General$2HILCC 615 4$aFieldwork. 615 4$aIn-service training. 615 4$aSocial service. 615 4$aSocial service -- Fieldwork. 615 4$aSocial work education. 615 4$aSocial work education. 615 4$aSocial workers. 615 4$aSocial workers -- In-service training. 615 4$aSocial workers -- Supervision of. 615 4$aSupervision of. 615 0$aSocial work education$xFieldwork 615 0$aSocial service$xIn-service training 615 0$aSocial workers$xSupervision of 615 0$aSocial workers 615 7$aSocial Welfare & Social Work 615 7$aSocial Sciences 615 7$aSocial Welfare & Social Work - General 676 $a361.3/071 676 $a361.3071 676 $a361.30715 700 $aCaspi$b Jonathan, $0922861 702 $aReid$b William, 801 0$bDE-B1597 801 1$bDE-B1597 906 $aBOOK 912 $a9910785507003321 996 $aEducational Supervision in Social Work$93816435 997 $aUNINA LEADER 05050nam 2200745 a 450 001 996320210803316 005 20230929204959.0 010 $a1-282-03323-9 010 $a9786612033230 010 $a0-8330-4638-1 035 $a(CKB)1000000000718884 035 $a(EBL)423162 035 $a(OCoLC)476261122 035 $a(SSID)ssj0000100027 035 $a(PQKBManifestationID)11108478 035 $a(PQKBTitleCode)TC0000100027 035 $a(PQKBWorkID)10020148 035 $a(PQKB)10724766 035 $a(MiAaPQ)EBC423162 035 $a(MiAaPQ)EBC4969946 035 $a(Au-PeEL)EBL4969946 035 $a(CaONFJC)MIL203323 035 $a(OCoLC)1027203786 035 $a(PPN)272874302 035 $a(EXLCZ)991000000000718884 100 $a20080612d2008 uy 0 101 0 $aeng 135 $aurcnu|||||||| 181 $ctxt 182 $cc 183 $acr 200 00$aAfter Saddam$b[electronic resource] $eprewar planning and the occupation of Iraq /$fNora Bensahel ... [et al.] 210 $aSanta Monica, CA $cRand Arroyo Center$d2008 215 $a1 online resource (313 p.) 300 $a"Prepared for the United States Army." 300 $a"MG-642-A"--P. [4] of cover. 311 $a0-8330-4458-3 320 $aIncludes bibliographical references (p. 255-273). 327 $aCover; Preface; Contents; Figures; Tables; Summary; Acknowledgments; List of Acronyms and Abbreviations; CHAPTER ONE- Introduction; CHAPTER TWO- Military Planning Efforts; CENTCOM Operational Planning; Combined Forces Land Component Command (CFLCC) Phase IV Planning; Planning at V Corps and Subordinate Commands; Observations; CHAPTER THREE- Civilian Planning Efforts; Interagency Planning: The ESG and the IPMC; The Office of the Secretary of Defense; State Department Planning; USAID Planning; The National Security Council; Other Analyses of Postwar Requirements; CHAPTER FOUR- Task Force IV 327 $aEstablishing Task Force IV Task Force IV Planning; Operational Challenges; The Dissolution of Task Force IV; CHAPTER FIVE- The Office of Reconstruction and Humanitarian Assistance; Organization and Staffing; ORHA Planning; Deploying to Kuwait; Arriving in Baghdad; CHAPTER SIX- Humanitarian Planning; Interagency Humanitarian Planning; IO and NGO Frustrations; Actual Humanitarian Requirements; Assessing Humanitarian Planning; CHAPTER SEVEN- Combat Operations During Phase IV; Phase IVa: Stability Operations; Phase IVb: Recovery Operations; CHAPTER EIGHT- The Coalition Provisional Authority 327 $aThe Origins and Authorities of CPA Goals; Other Governing Institutions; Organization of CPA; Location and Staffing; Relations with CJTF-7; Concluding Observations; CHAPTER NINE- Building New Iraqi Security Forces; Defining and Building Iraqi Security Forces; Building the MoI; Creating the Iraqi Police Service (IPS); The Facilities Protection Services; The Border Police; High-End MoI Forces; Ministry of Defense; The Iraqi Armed Forces; Iraqi Civil Defense Corps (ICDC); Intelligence; National Security Decision making Structures; Iraqi Armed Forces and the Handover of Power 327 $aIntegrating the Armed Forces and Militias Not Under Government Control Concluding Observations; CHAPTER TEN- Governance and Political Reconstruction; Prewar Planning for Postwar Governance; Postwar Governance: The Iraqi Governing Council; The November 15 Agreement and the Transfer of Authority; The Transitional Administrative Law; Provincial and City Governance; Lessons Learned; CHAPTER ELEVEN- Economic Policy; Economic Conditions in Iraq at the End of Major Combat; Economic Policies Pursued by CPA; Economic Policy Changes That Were Not Fully Implemented; Lessons Learned 327 $aCHAPTER TWELVE- Essential Services and InfrastructureStatus at the End of Major Combat; Prewar Assumptions; Contracting for the Resumption of Essential Services; The Players: Who Was Involved in Reconstruction; Financing; Coordinating and Implementing Reconstruction Projects; Results as of June 28, 2004; CHAPTER THIRTEEN- Assessing Postwar Efforts; Shaping the Plan; Lessons for the Army; APPENDIX- Strategic Studies Institute's Mission Matrix for Iraq; Bibliography 330 $aExamines prewar planning efforts for postwar Iraq, the role of U.S. military forces after the end of major combat, and civilian efforts at reconstruction. 606 $aIraq War, 2003-2011 606 $aMilitary planning$zUnited States 606 $aPostwar reconstruction$zIraq 606 $aInsurgency$zIraq 606 $aNational security$zIraq 607 $aIraq 615 0$aIraq War, 2003-2011. 615 0$aMilitary planning 615 0$aPostwar reconstruction 615 0$aInsurgency 615 0$aNational security 676 $a956.7044/3 701 $aBensahel$b Nora$f1971-$0924075 712 02$aUnited States.$bArmy. 801 0$bMiAaPQ 801 1$bMiAaPQ 801 2$bMiAaPQ 906 $aBOOK 912 $a996320210803316 996 $aAfter Saddam$92874368 997 $aUNISA